MARC
| LEADER | 00000cam a2200000 7i4500 | ||
|---|---|---|---|
| 001 | 0000000620 | ||
| 005 | 20000913.0 | ||
| 020 | 0 | 0 | |a 9679421201 |
| 090 | 0 | 0 | |a 349.595 |b ABD 1989 |
| 100 | 0 | 0 | |a ABDUL Monir b. Yaacob |c 1946- |
| 245 | 1 | 3 | |a An introduction to Malaysian law |c Abdul Monir b. Yaacob |
| 260 | 0 | 0 | |a Bangi, Selangor : |b Penerbit UKM , |c 1989 |
| 300 | |a 231 p. ; |c 23 cm. | ||
| 500 | 0 | 0 | |a Bibliography: [p. 225-231 |
| 650 | 0 | 0 | |a Adat law |z Malaysia |
| 650 | 0 | 0 | |a Law |z Malaysia |x Sources |
| 999 | |a 0000001888 |b Monograph |c Open Shelf |e Default branch | ||